Конструкция и расчет подъемно-транспортных машин (Запис номер 60416)
[ съкратено ]
| 000 -Лидер | |
|---|---|
| Контролно поле с фиксирана дължина | 01073nam a2200265 c 4500 |
| 003 - Код на организацията, давaща контролен номер | |
| Контролно поле | BLK |
| 005 - Дата и час на последна редакция | |
| Контролно поле | 20180420222954.0 |
| 008 - Елементи от данни с фиксирана дължина | |
| fixed length control field | 180408b bul|||||r ||||||| ||bul|| |
| 010 ## - Наследен системен номер | |
| LC control number | KNG00064581000 |
| 040 ## - Източник на каталожния запис | |
| Идентификатор на билиотеката - собственик на записа | BLK |
| 041 ## - Код за език | |
| Код за езика на текст/звукозапис или на отделно заглавие | Руски |
| Код за езика КДБФ | Руски |
| 080 ## - УДК | |
| Текстов определител УДК | Подемно-транспортно оборудване в цялост. Вж и 621.87; 625.08; 625.1/.5; 625.5; 629.1; 658.286.2 |
| УДК код - определител по УДК | 621.86 |
| УДК определител | (075.8) |
| УДК - код + определител | 621.86(075.8) |
| 100 1# - Редна дума - Автор | |
| Автор | Иванченко, Федор К. |
| Авторска отговорност | първи автор |
| R(LIN) | 71868 |
| 139 ## - Редно поле | |
| Редна дума | Иванченко, Федор К. |
| Авторски знак | |
| 245 10 - Сведения за заглавието | |
| Заглавие | Конструкция и расчет подъемно-транспортных машин |
| Подзаглавни данни | Уч. пособие для студентов |
| Редно поле (дума) | Федор К. Иванченко. |
| 250 ## - Област на изданието | |
| Сведения за изданието | 2. перераб. и доп. изд |
| 260 ## - Област на издателските данни | |
| -- | Киев |
| Име на издателя, разпространителя и проч. | Вища школа |
| Година на издаване | 1988 |
| 300 ## - Физическа характеристика | |
| Страници | 424 с. |
| Размери/Мащаб | 22 см |
| 380 ## - Жанр | |
| Жанр | Техника |
| 852 ## - Местоположение | |
| Форматна сигнатура | Цб 155364 |
| 856 4# - Електронен адрес и достъп | |
| Електронен формат | pdf - файл |
| Път до файла /url/ | |
| 856 4# - Електронен адрес и достъп | |
| Електронен формат | pdf - файл |
| Път до файла /url/ | |
| 942 ## - АРТИКУЛИ | |
| Вид на библиотечния материал | Книги |
| Скрит в OPAC | Не |
| 944 ## - СЪЗДАВАНЕ И РЕДАКЦИЯ на ЗАПИСА | |
| Създаване/Редакция | Създаване |
| Дата на регистрацията/редакция | 13.06.2004 |
| Служител, извършил регистрацията/редакцията | Читалня |
| 944 ## - СЪЗДАВАНЕ И РЕДАКЦИЯ на ЗАПИСА | |
| Създаване/Редакция | Редакция |
| Дата на регистрацията/редакция | 15.06.2016 |
| Служител, извършил регистрацията/редакцията | Правда_Бадева |
| 999 ## - СИСТЕМНИ КОНТРОЛНИ НОМЕРА | |
| Koha biblionumber | 60416 |
| Koha biblioitemnumber | 60416 |
| Код за отписване | Код за изгубен артикул | Източник на класификационната схема | Код за повреда | Коз за рестрикции | Код за отдаване | Артикулен № | Име на библиотеката - собственик | Име на библиотеката, в която се намира в момента | Статус (Текущо местоположение) | Дата на вписване в системата | Местоположение - отдел | Цена в лева | Инвентарен номер | Систематично азбучна сигнатура | Баркод | Номер на екземпляра | Цена в евро | Служебна бележка | Служебен тип на артикула |
|---|---|---|---|---|---|---|---|---|---|---|---|---|---|---|---|---|---|---|---|
| Не е изгубен | Universal Decimal Classification | Не е повреден | без рестрикции | ползва се в читалня | 99525 | Регионална библиотека "Любен Каравелов" Русе | Регионална библиотека "Любен Каравелов" Русе | Читалня | 1993-01-01 | Читалня | 0.96 | 508109 | Ч 621.86/И 25 Ф | 120000508109 | 1 | 0.49 | Дата инв: 24.03.2017 Бележки инв: Ч2017 | Книги |